| 000 | 00914nam0a22002651 4500 | ||
|---|---|---|---|
| 001 | rc\345439 | ||
| 005 | 20250621051003.0 | ||
| 035 | _a(NLR Aleph) 005588745 | ||
| 090 |
_a6189724 _c6189724 |
||
| 100 | _a20030307d1989 |||y0rusy50 ca | ||
| 101 | 0 | _arus | |
| 102 | _aRU | ||
| 105 | _ay ||||||||| | ||
| 200 | 1 | _aЕще раз об угловом распределении разности импульсов тождественных пионов | |
| 210 |
_aДубна _cОИЯИ _d1989 |
||
| 215 |
_a17, [1] с. _d20 |
||
| 225 | 1 |
_aПрепринт _fОбъед. ин-т ядер. исслед. _vР2-89-737 |
|
| 320 | _aБиблиогр.: с. 18 (7 назв.) | ||
| 700 | 1 |
_aЛедницки _bР. _gРихард |
|
| 701 | 1 |
_aПодгорецкий _bМ.И. _gМихаил Исаакович |
|
| 801 | 0 |
_aRU _bNLR _gpsbo |
|
| 801 | 1 |
_aRU _bELAR _2rusmarc |
|
| 852 |
_aNLR _j89-6/4791 |
||
| 942 | _cBOOK | ||
| 980 | _aNB | ||